000 00510nam a2200205 a 4500
001 BRL_692
005 20190320210844.0
008 250913s19uu----enka######---#000-0#eng-#
041 _aeng
044 _aenk
050 4 _aPR5811
_b.W55 1900
100 1 _aWilde, Oscar
_d1854-1900
_915557
245 1 0 _aStories
_cby Oscar Wilde
260 _aLondon
_bCollins Clear-Type
_c[19--]
300 _a510 p.
_bil.
_c16 cm.
500 _aAu804
650 1 4 _aLiteratura inglesa
_924666
902 _aGRL
942 _2lcc
_cB
999 _c9504
_d9504